Normal view
MARC view
Entry Personal Name
001 - CONTROL NUMBER
- control field: 813556
003 - CONTROL NUMBER IDENTIFIER
- control field: OSt
005 - DATE AND TIME OF LATEST TRANSACTION
- control field: 20250620145013.0
008 - FIXED-LENGTH DATA ELEMENTS
- fixed length control field: 250620|| aca||aabn | a|a d
040 ## - CATALOGING SOURCE
- Original cataloging agency: OSt
- Transcribing agency: OSt
100 ## - HEADING--PERSONAL NAME
- Personal name: ਖਾਂ, ਅੱਲ੍ਹਾ ਯਾਰ
670 ## - SOURCE DATA FOUND
- Source citation: Work cat.: (OSt)1432097: ਖਾਂ, ਅੱਲ੍ਹਾ ਯਾਰ , ਗੰਜੇ ਸ਼ਹੀਦਾਂ , 2014.
